Responses for show #7785 - Friday, June 15, 2018

Contestants

[<< previous game]

Jon Brown, a bartender from Los Angeles, California

Deirdre Thomas, an attorney and editor from Seattle, Washington

Diana Hsu, a legal records assistant from Malden, Massachusetts (whose 2-day cash winnings total $44,601)

[next game >>]

Jeopardy! Round responses

DOMAIN EXTENSIONS MATTER
GEOGRAPHY
WORDS ABOUT WORDS
INVENTIONS
CANADIAN HISTORY
CELEBRITY FATHERS & SONS
    $200 7
time

Diana
    $200 1
the Amazon

Diana
    $200 6
gender

Jon
    $200 13
windshield wipers

Diana
    $200 22
"O Canada"

Deirdre
    $200 21
the Stillers

Jon
    $400 8
Lincoln

Jon
    $400 2
Tijuana

Jon
    $400 9
compound

Jon
    $500 14
a (TV) remote control

Diana
    $400 26
(Diana: What is Alberta?)
(Jon: What is Saskatchewan?)

Manitoba

DianaDeirdreJon
    $400 23
Reiner

Deirdre
    $600 18
hurricanes

Deirdre
    $600 3
(Diana: What is a duchy?)
...
(Alex: Prince Rainier.)

a principality

DianaJon
    $600 10
(Alex: Emotion came first.)

emote

Jon
    $600 15
bifocals

Diana
    $600 28
[The end-of-round signal sounds.]

the CBC (or Canadian Broadcasting Corporation)

Diana
    $600 24
(Alex: Less than a minute now.)

the Fondas

Jon
    $800 19
SEC

Deirdre
    $800 4
a steppe

Deirdre
    $800 11
weasel

Deirdre
    $800 16
(Richard) Gatling

Diana
    $800 25
Thicke

Diana
    $1000 20
Columbia

Triple Stumper
    $1000 5
the Red Sea

Deirdre
    $1000 12
(Jon: What is anachronism?)

archaism

DianaJon
    $1000 17
(Deirdre: What is the cotton gin?)
(Diana: What is a motorcycle?)

the sewing machine

DianaDeirdre
Triple Stumper
    $1000 27
Caan

Deirdre

Scores at the first commercial break (after clue 14):

Diana Deirdre Jon
$1,500 $2,600 $1,600

Scores at the end of the Jeopardy! Round:

Diana Deirdre Jon
$2,900 $5,000 $2,000

Double Jeopardy! Round responses

BEASTLY MYTHOLOGY
SINGLE MOMS ON TELEVISION
MEANWHILE...
ABBRE-"V"-IATIONS
1-WORD PLAY TITLES
EDIBLE BEFORE & AFTER
    $400 1
a crocodile

Diana
    $400 19
The Partridge Family

Deirdre
    $400 26
(Alex: With less than a minute now.)

the Bounty

Jon
    $400 14
the Virginia Military Institute

Jon
    $400 11
(Jon: What is Mozart?)

Amadeus

DianaJon
    $400 6
a glee club sandwich

Deirdre
    $800 2
the Minotaur

Jon
    $800 20
Anna Faris

Deirdre
    $800 27
the Ottoman Empire

Diana
    $800 15
virtual life

Diana
    $800 12
Picnic

Jon
    $800 7
the onion Ring cycle

Diana
    $1200 3
a swan

Diana
    $1200 21
Teri Hatcher

Deirdre
    $6,000 28
(Diana: What is the Meiji?)

Tudor

Diana
    $1200 16
the Voice of America

Diana
    $1200 13
Edward Albee

Triple Stumper
    $1200 8
Optimus Prime rib

Deirdre
    $1,500 4
a spider

Diana
    $1600 22
One Day at a Time

Deirdre
    $1600 29
the Maya

Diana
    $1600 17
a volunteer fire department

Deirdre
    $1600 24
Pygmalion

Deirdre
    $1600 9
matzo Ball Four

Jon
    $2000 5
Fenrir

Diana
    $2000 23
[Applause for Deirdre running the category.]

Lauren Graham

Deirdre
    $2000 30
(Diana: What is [*]?)
(Alex: That's it.)
(Diana: Or Austria-Hungary.)

Austro-Hungary

Diana
    $2000 18
visual acuity

Deirdre
    $2000 25
Red

Deirdre
    $2000 10
croque Madame Tussauds

Diana

Scores at the end of the Double Jeopardy! Round:

Diana Deirdre Jon
$11,600 $19,800 $5,600

[wagering suggestions for these scores]

Final Jeopardy! Round responses

ISLAND NAMES
JonWhat is Madeira
$5,599
DianaWhat are the Sey
$6,001
DeirdreWhat is Madagascar
$3,401
Ascension Island

Final scores:

Diana Deirdre Jon
$5,599 $16,399 $1
2nd place: $2,000 New champion: $16,399 3rd place: $1,000

Game dynamics:

Coryat scores:

Diana Deirdre Jon
$17,600 $19,800 $5,600
21 R
(including 2 DDs),
4 W
(including 1 DD)
20 R,
1 W
13 R,
3 W

Combined Coryat: $43,000

The J! Archive is created by fans, for fans. The Jeopardy! game show and all elements thereof, including but not limited to copyright and trademark thereto, are the property of Jeopardy Productions, Inc. and are protected under law. This website is not affiliated with, sponsored by, or operated by Jeopardy Productions, Inc. Join the discussion at JBoard.tv.